000 00603cam a22002053a 4500
001 39269
003 PGUSA
005 20140828083855.0
008 120325s2012||||xxu|||||s|||||000 | eng d
040 _aPGUSA
_beng
042 _adc
100 1 _aHazlitt, William,
_d1778-1830
245 1 0 _aWinterslow :
_bEssays and Characters Written There
_h[electronic resource] /
_cWilliam Hazlitt
260 _bProject Gutenberg,
_c2012
506 _aPublic domain in the USA.
516 _aElectronic text
830 0 _aProject Gutenberg
_v39269
856 4 0 _uhttp://www.gutenberg.org/ebooks/39269
942 _cEB
999 _c268522
_d268522